00430nam a2200181Ia 4500003000400000005001700004008004100021020001500062040000700077041000800084082001900092100002100111245002100132260004500153300001700198365001300215650002000228OSt20230427150632.0210423s2002 xx 000 0 und d a8185015899 cAL aeng a539.7 KAPI223 aKAPLAN (Irving). aNuclear physics. aNew DelhibNarosa Publishing Housec2002 axiv,770pbPB b275cINR aNuclear Physics